000 00754nam a2200241 i 4500
003 DO-SdBNP
005 20260209093630.0
007 ta
008 260209b2025 dr c|||| |||| 00| 0 spa d
040 _aDO-SdBNP
_bspa
_cBNPHU
_erda
041 _aspa
082 4 _axxx
_bxxx
_222
100 1 _aNúñez, Elsa,
_d1943-
_eautor
_4aut.
_914462
245 1 0 _aHomenaje a la madre tierra /
_cElsa Núñez ; curadoría, Margarita González Auffant
264 1 _aSanto Domingo :
_bCentro Cultural Banreservas,
_c2025.
300 _a35 páginas :
_bretratos,
_c23 cm.
336 _atexto
_btxt
_2rdacontent
337 _asin mediación
_bn
_2rdamedia
338 _avolumen
_bnc
_2rdacarrier
590 _aInventariado, 2026/BT
910 _aBtavárez
942 _2ddc
_cLF2
999 _c60260
_d60260